A comparative study of the race relations in Lloyd Fernando's green is the colour and Yasmin Ahmad's "Sepet" /
Saved in:
| Main Author: | |
|---|---|
| Format: | Thesis |
| Language: | English |
| Published: |
Gombak, Selangor :
Kulliyyah of Islamic Revealed Knowledge and Human Sciences, International Islamic University Malaysia,
2008
|
| Subjects: | |
| Online Access: | http://studentrepo.iium.edu.my/handle/123456789/6703 |
| Tags: |
Add Tag
No Tags, Be the first to tag this record!
|
| LEADER | 023650000a22004330004500 | ||
|---|---|---|---|
| 001 | 415809 | ||
| 005 | 20230417164327.0 | ||
| 008 | 080730t2008 my g 000 0 eng d | ||
| 035 | |a (Sirsi) 415809 | ||
| 040 | |a UIAM |b eng | ||
| 043 | |a a-my-- | ||
| 050 | 0 | 0 | |a HT1521 |
| 100 | 0 | |a Nik Nasrah Binti Nik Mohd Nasir |9 69862 | |
| 245 | 1 | 2 | |a A comparative study of the race relations in Lloyd Fernando's green is the colour and Yasmin Ahmad's "Sepet" / |c by Nik Nasrah Binti Mohd Nasir |
| 260 | |a Gombak, Selangor : |b Kulliyyah of Islamic Revealed Knowledge and Human Sciences, International Islamic University Malaysia, |c 2008 | ||
| 300 | |a x, 112 leaves ; |c 30 cm. | ||
| 336 | |2 rdacontent | ||
| 337 | |2 rdamedia | ||
| 338 | |2 rdacarrier | ||
| 500 | |a Abstract in English and Arabic. | ||
| 500 | |a "A dissertation submitted in partial fulfilment of the requirements for thr degree Master of Human Sciences (English Literary Studies)."--On t.p. | ||
| 502 | |a Thesis (MHSc. ELS)--International Islamic University Malaysia, 2008. | ||
| 504 | |a Includes bibliographical references (leaves 107-112). | ||
| 530 | |a Also available on 4 3/4 in. computer optical disc. | ||
| 650 | 0 | |a Race relations |9 32051 | |
| 650 | 0 | |a Race relations in motion pictures |9 69863 | |
| 651 | 0 | |a Malaysia |x Race relations |9 4922 | |
| 651 | 0 | |a Malaysia |x Ethnic relations | |
| 655 | 0 | 7 | |a Theses, IIUM local |
| 690 | 0 | |a Dissertations, Academic |x Kulliyyah of Islamic Revealed Knowledge and Human Sciences |z IIUM | |
| 710 | 2 | |a International Islamic University Malaysia. |b Kulliyyah of Islamic Revealed Knowledge and Human Sciences | |
| 730 | 2 | |a A comparative study of the race relations in Lloyd Fernando's green is the colour and Yasmin Ahmad's "Sepet" (Computer file) |9 69864 | |
| 856 | 4 | |u http://studentrepo.iium.edu.my/handle/123456789/6703 | |
| 900 | |a hj-ajt | ||
| 942 | |2 lcc |n 0 | ||
| 999 | |c 432656 |d 466116 | ||
| 952 | |0 0 |6 T HT 001521 N692C 2008 |7 0 |8 THESES |9 754936 |a IIUM |b IIUM |c MULTIMEDIA |g 0.00 |o t HT 1521 N692C 2008 |p 00011274980 |r 2017-10-19 |t 2 |v 0.00 |y THESIS | ||
| 952 | |0 0 |6 LU T HT 1521 N692C 2008 |7 0 |8 THESES |9 757662 |a IIUM |b IIUM |c CLOSEACCES |g 0.00 |o lu t HT 1521 N692C 2008 |p 00011026416 |r 2017-10-25 |t 1 |v 0.00 |y THESIS | ||
| 952 | |0 0 |6 TS CDF HT 1521 N692C 2008 |7 0 |8 THESES |9 831573 |a IIUM |b IIUM |c MULTIMEDIA |g 0.00 |o ts cdf HT 1521 N692C 2008 |p 11100326075 |r 2017-10-27 |t 1 |v 0.00 |y THESISDIG | ||
